Представление документа в формате RUSMARC

ПолеНазваниеЗначение
  Тип записи a
  Библиографический уровень a
001 Контрольный номер RU/УОНБ/EK_Kray/334858026
005 Дата корректировки 20240730172927.6
100 Данные общей обработки __
a Данные общей обработки 20100811d2010 ||| 0rusy0189 ca
101 Язык документа 0_
a Язык текста rus
102 Страна публикации __
a Страна публикации RU
105 Кодированные данные (монография) __
a Кодированные данные (монография) y###||||000|y
200 Заглавие и сведения об ответственности 1_
a Заглавие Об утверждении Положения о кадровом резерве на государственной гражданской службе Ульяновской области
e Сведения, относящиеся к заглавию постановление от 6 авг. 2010 г., № 58
225 Серия 1_
a Серия Деловая среда
461 Уровень набора _0
1 2000
a Ульяновская правда
1 011
463 Уровень физической единицы _0
1 001RU/УОНБ/EK_Kray/334855266
1 2000
a 11 авг
v С. 6-7
1 210
d 2010
610 Ключевые слова 0_
a Ключевые слова постановления губернатора; кадровый резерв
686 Индексы других классификаций __
a Классификационный индекс 0Б(2...-4)
2 Код системы rubbk
710 Наименование организации. (Первичная ответственность) 01
a Организация/ юрисдикция Ульяновская область
b Другие уровни Губернатор
801 Источник записи _0
a Страна RU
b Организация Ульяновская ОНБ
c Дата составления 20100811
g Правила каталогизации RCR
801 Источник записи _1
a Страна RU
b Организация IS
c Дата составления 20100811
g Правила каталогизации RCR
901 Тип документа __
t Тип документа b
w Контрольный № источника UONB/MAIN/2ff25093a08345d48c70eb154d6b2c41
938 Служебная информация __
a Имя БД kraeved_work
b Имя библиотеки УОНБ
c Имя АИБС МАРК-SQL
d Номер DOC_ID в БД 70596